Valuation for war damage and town planning compensation (Record no. 85902)

MARC details
000 -LEADER
fixed length control field 00455cam a2200193 4500
001 - CONTROL NUMBER
control field D12445
008 - FIXED-LENGTH DATA ELEMENTS--GENERAL INFORMATION
fixed length control field 090401t1945 xxu||||| |||| 00| 0 eng d
035 ## - SYSTEM CONTROL NUMBER
System control number (Sirsi) u3573
041 ## - LANGUAGE CODE
Language code of text/sound track or separate title eng
050 ## - LIBRARY OF CONGRESS CALL NUMBER
Classification number 333.332
100 ## - MAIN ENTRY--PERSONAL NAME
Personal name Collier, Ronald
245 ## - TITLE STATEMENT
Title Valuation for war damage and town planning compensation
250 ## - EDITION STATEMENT
Edition statement 2nd
260 ## - PUBLICATION, DISTRIBUTION, ETC.
Name of publisher, distributor, etc. Butterworth and Co
Date of publication, distribution, etc. 1945
350 ## - PRICE (NR) (BK AM CF MU VM SE) [OBSOLETE]
Price 0
520 ## - SUMMARY, ETC.
Summary, etc. Shelf 114
942 ## - ADDED ENTRY ELEMENTS (KOHA)
Suppress in OPAC 0
948 ## - LOCAL PROCESSING INFORMATION (OCLC); SERIES PART DESIGNATOR (RLIN)
c (OCLC) 04/03/1997
Holdings
Withdrawn status Lost status Source of classification or shelving scheme Damaged status Not for loan Home library Current library Shelving location Date acquired Total Checkouts Full call number Barcode Date last seen Copy number Price effective from Koha item type
    Other/Generic Classification Scheme     London London Basement 14/09/1999   SHELF 114 30009756 06/08/2019 1 06/08/2019 Reference material
    Other/Generic Classification Scheme     London London Basement 16/08/1991   SHELF 114 30009790 06/08/2019 2 06/08/2019 Reference material
    Other/Generic Classification Scheme     London London Basement 16/08/1991   SHELF 114 30009791 06/08/2019 3 06/08/2019 Reference material